ESCRITOS POLITICOS: 1966-1971/

Uloženo v:
Podrobná bibliografie
Hlavní autor: Rico Galán, Víctor (autor)
Médium: Kniha
Témata:
Tagy: Přidat tag
Žádné tagy, Buďte první, kdo vytvoří štítek k tomuto záznamu!

MARC

LEADER 00000nam^a2200000^a^4500
001 000225868
005 20250521000000.0
009 20260310104143.403
035 |a 044159 
037 |a Acervo Xavier Clavigero 
082 |a 320. 532  |b RIC 
100 |a Rico Galán, Víctor  |e (autor) 
245 1 0 |a ESCRITOS POLITICOS:  |b 1966-1971/  |c VICTOR RICO GALAN 
264 |a MEXICO :  |b PROLETARIADO Y REVOLUCION,  |c 1984 
300 |a 412p. 
336 |a texto  |b txt  |2 rdacontenido 
337 |a sin mediación  |b n  |2 rdamedio 
338 |a volumen  |b nc  |2 rdasoporte 
649 |a XX 
650 |a Comunismo 
650 |a RADICALISMO 
650 |a Política -  |x Teoría 
910 |a Fondo General 
920 |a Impresos - Libros 
930 |a Colección General 
905 |a 101 
901 |a 044159  |b IT1  |c ACC  |i 044159  |u 20250521 
902 |a https://opac.biblio.iteso.mx/vufind/Record/000225868